[Event "Brasilia JEBS op"]
[Site "Brasilia"]
[Date "2023.10.29"]
[Round "3"]
[White "Pinto, Ravy Diniz"]
[Black "Lira, Suan Bruno Fernande"]
[Result "0-1"]
[WhiteElo "1567"]
[BlackElo "1777"]
[PlyCount "78"]
[EventDate "2023.10.28"]
[EventType "swiss"]
[EventRounds "6"]
[EventCountry "BRA"]
[SourceTitle "Mega2024 Update 01"]
[Source "Chessbase"]
[SourceDate "2023.11.12"]
[SourceVersion "1"]
[SourceVersionDate "2023.11.12"]
[SourceQuality "1"]

1. e4 c6 2. d4 d5 3. exd5 cxd5 4. Bd3 Nc6 5. c3 Nf6 6. Nf3 Bg4 7. Bg5 e6 8. Nbd2 Be7 9. Qb3 Qc7 10. 0-0 0-0 11. Qc2 h6 12. Bh4 Rac8 13. Rac1 a6 14. h3 Bxf3 15. Nxf3 Nh5 16. Bxe7 Qxe7 17. Qd2 Qf6 18. Bb1 Nf4 19. Qe3 Ne7 20. Ne5 Qg5 21. Qf3 Nf5 22. g3 Nxd4 23. cxd4 Nxh3+ 24. Kg2 Rxc1 25. Rxc1 Qxc1 26. Bd3 Ng5 27. Qe2 Ne4 28. f3 Nf6 29. f4 Ne4 30. Nf3 Rc8 31. Ne5 Qd2 32. Qxd2 Nxd2 33. Nd7 Nc4 34. b3 Nb2 35. Be2 Rc2 36. Kf3 Rc3+ 37. Kf2 Nd3+ 38. Ke3 Nc1+ 39. Kd2 Nxe2 0-1